Universidades Hispánicas. Modelos territoriales en la edad moderna I : Santiago, Toledo, Sevilla, Barcelona y Huesca. Miscelánea Alfonso IX, 2006
Saved in:
| Main Authors: | , |
|---|---|
| 格式: | 圖書 |
| 語言: | 西班牙语 |
| 出版: |
Salamanca
Universidad de Salamanca
2007
|
| 版: | 1a. ed |
| 叢編: | Aquilafuente, 112
|
| 主題: | |
| 標簽: |
添加標簽
沒有標簽, 成為第一個標記此記錄!
|
MARC
| LEADER | 00000nam a2200000 a 4500 | ||
|---|---|---|---|
| 001 | UCI8847 | ||
| 003 | CL-VaPUC | ||
| 008 | 081009e20070000SP |||||||||||||||||spa|d | ||
| 020 | |a 9788478003808 | ||
| 082 | 0 | 4 | |a 378.946 |b ROD |2 21 |
| 100 | 0 | |a Rodríguez-San Pedro Bezares, Luis E |e author |9 532484 | |
| 700 | 0 | |a Polo Rodríguez, Juan Luis |e author |9 532485 | |
| 245 | 1 | 0 | |a Universidades Hispánicas. Modelos territoriales en la edad moderna I : Santiago, Toledo, Sevilla, Barcelona y Huesca. Miscelánea Alfonso IX, 2006 |
| 250 | |a 1a. ed | ||
| 300 | |a 368 p | ||
| 942 | |c BK | ||
| 945 | |d 20081009 00:00:00 |a rbrito | ||
| 260 | |a Salamanca |b Universidad de Salamanca |c 2007 | ||
| 650 | 0 | |a Educación superior |9 223851 | |
| 650 | 7 | |a HISTORIAN DE LA EDUCACION |2 CL-VaPUC |9 532486 | |
| 650 | 0 | |a Universidades |9 256317 | |
| 651 | 0 | |a España |9 254926 | |
| 583 | |a last modification |c 20170727 04:37:56 |k Rodrigo Vera | ||
| 490 | 0 | |a Aquilafuente, 112 | |
| 999 | |c 331613 |d 331611 | ||
| 952 | |0 0 |1 0 |4 0 |6 378_946000000000000_ROD_2007 |7 0 |8 A |9 418396 |a BIBHIS |b BIBHIS |d 2019-11-22 |i 448617K |o 378.946 ROD 2007 |p 448617K |r 2025-01-20 |w 2019-11-22 |y BK |k HIS | ||